000 00603nam a2200181 i 4500
001 36301
003 ES-MaACL
005 20250801223402.0
007 t|
008 030217s1922 sp ||||1| spa d
100 1 _aBruschetti, Attilio.
_932224
245 1 0 _aAngel femenino
_b: (cartas confidenciales a Pepita) /
_cAttilio Bruschetti ; prólogo de Federico Climent Ferrer.
260 _aBarcelona :
_b[s.n.,
_c1922] (
_fSobrinos de López Robert)
300 _a120 p. ;
_c18 cm.
700 1 _aCliment Terrer, Federico,
_d1860-ca. 1949
_939265
852 _aES-MaACL
_jF-12891
999 _c36301
_d36301